000 00577nam a2200229Ia 4500
003 OSt
005 20220916111033.0
006 a|||||r|||| 00| 0
007 ta
008 220915b |||||||| |||| 00| 0 eng d
024 _a124601
037 _cTextbook
040 _beng
_aARTS
_cARTS
041 _aeng
082 _aV671:5:D, F3
100 _aQuibell AA
245 0 _aEgyptian history and art: with hreference to museum collections
260 _c1923
650 _aHISTORY
942 _hV671:5:D, F3
_cTB
_2CC
999 _c104106
_d104106